| 000 | 00816cam a2200229 a 4500 | ||
|---|---|---|---|
| 082 |
_a951.9042 _bWES _cL-30, P-2 |
||
| 100 | 1 |
_aWestover, John G., _949101 |
|
| 245 | 1 | 0 |
_aCombat support in Korea : _bthe United States Army in the Korean conflict / _cJohn G. Westover. |
| 260 |
_aWashington : _bCombat Forces Press, _c1955. |
||
| 300 |
_axiii, 254 p. : _bill., maps ; _c24 cm. |
||
| 500 | _aIncludes index. | ||
| 526 |
_a0 _b0 _c0 _d951_904200000000000_WES |
||
| 526 |
_a0 _b0 _c0 _d951_904200000000000_WES |
||
| 526 |
_a0 _b0 _c0 _d951_904200000000000_WES |
||
| 526 |
_a0 _b0 _c0 _d951_904200000000000_WES |
||
| 526 |
_a0 _b0 _c0 _d951_904200000000000_WES |
||
| 526 |
_a0 _b0 _c0 _d951_904200000000000_WES |
||
| 650 | 0 |
_aKorean War, 1950-1953. _949102 |
|
| 650 | 0 |
_aLogistics. _946734 |
|
| 650 | 0 |
_aMCE _9379 |
|
| 942 |
_2ddc _cBK |
||
| 999 |
_c551932 _d551932 |
||